| 000 | 00417cam a2200169ua 4500 | ||
|---|---|---|---|
| 003 | OSt | ||
| 008 | 250423b |||||||| |||| 00| 0 eng d | ||
| 020 | _a81 224 0376 x | ||
| 041 | _aeng | ||
| 082 |
_a624.15 _bVEN/GE |
||
| 100 |
_aVenkataramaiah, C . _97434 |
||
| 245 | _aGeo-technical engineering / | ||
| 250 | _a1 / | ||
| 260 |
_aNew Delhi : _bWiley Eastern Ltd , _c1993. |
||
| 300 | _a892 ; . | ||
| 942 | _cBK | ||
| 999 |
_c8972 _d8972 |
||